[Event "Staatsliga B - Ost 2002/03"]
[Site "Veranstaltungszentrum des Wienerwaldmuseums, Hauptstr.17, 3032 Eichgraben"]
[Date "2003.02.16"]
[Round "9"]
[Board "1"]
[White "Pingitzer, Harald"]
[Black "Danner, Georg"]
[Result "0-1"]
[WhiteElo "2372"]
[BlackElo "2377"]
[PlyCount "66"]

1.Nf3 d5 2.d4 c6 3.e3 Bf5 4.c4 e6 5.Nc3 Be7 6.a3 Nf6 7.Bd3 Bg6 8.Ne5 Bxd3 9.Qxd3
Nbd7 10.Nxd7 Qxd7 11.O-O Rd8 12.b4 dxc4 13.Qxc4 O-O 14.Bb2 Nd5 15.Ne4 Bd6
16.Rac1 Qe7 17.Nxd6 Rxd6 18.a4 a6 19.e4 Nf4 20.Rc2 f5 21.f3 fxe4 22.fxe4 Qg5
23.Bc1 Rxd4 24.Qb3 Ne2+ 25.Rxe2 Rxf1+ 26.Kxf1 Qxc1+ 27.Re1 Qc4+ 28.Qxc4 Rxc4
29.b5 axb5 30.axb5 cxb5 31.Kf2 Kf7 32.Kf3 Kf6 33.Ra1 g5 {78 Zuege}

[Event "Staatsliga B - Ost 2002/03"]
[Site "Veranstaltungszentrum des Wienerwaldmuseums, Hauptstr.17, 3032 Eichgraben"]
[Date "2003.02.16"]
[Round "9"]
[Board "2"]
[White "Petran, Peter"]
[Black "Kummer, Helmut"]
[Result "1-0"]
[WhiteElo "2372"]
[BlackElo "2341"]
[PlyCount "75"]

1.g3 e5 2.Bg2 Nc6 3.c4 g6 4.Nc3 Bg7 5.e3 d6 6.Nge2 Nh6 7.O-O Be6 8.d4 exd4
9.exd4 Bd7 10.d5 Ne5 11.b3 O-O 12.h3 Bc8 13.g4 Kh8 14.f4 Nexg4 15.hxg4 Nxg4
16.Qe1 Re8 17.Bd2 Ne3 18.Bxe3 Rxe3 19.Qd2 Qe7 20.Kf2 Rh3 21.Bxh3 Qh4+ 22.Ng3
Bxh3 23.Rh1 g5 24.Rxh3 Qxh3 25.Rh1 Qg4 26.Nce2 f5 27.Qe3 gxf4 28.Qxf4 Qg6 29.Rh5
Rg8 30.Rxf5 Be5 31.Qf3 Qh6 32.Nh5 Bb2 33.Qe4 Qg6 34.Neg3 Re8 35.Qf4 Bg7 36.Kf3
c6 37.Qg5 Rg8 38.Nxg7

[Event "Staatsliga B - Ost 2002/03"]
[Site "Veranstaltungszentrum des Wienerwaldmuseums, Hauptstr.17, 3032 Eichgraben"]
[Date "2003.02.16"]
[Round "9"]
[Board "3"]
[White "Schneider-Zinner, Harald"]
[Black "Lipka, Juraj"]
[Result "1/2-1/2"]
[WhiteElo "2353"]
[BlackElo "2432"]
[PlyCount "60"]

1.d4 g6 2.Nf3 Bg7 3.c4 c5 4.d5 b5 5.cxb5 a6 6.bxa6 Bxa6 7.g3 d6 8.Bg2 Nf6 9.Nc3
Nbd7 10.Rb1 Nb6 11.b3 Bb7 12.Nh4 O-O 13.O-O Ne8 14.Qc2 Nc7 15.e4 e6 16.Rd1 exd5
17.exd5 f5 18.a4 Qf6 19.b4 Nd7 20.Bb2 Qf7 21.Nf3 cxb4 22.Nb5 Nxb5 23.axb5 Rfc8
24.Qb3 Nc5 25.Qxb4 Bxb2 26.Qxb2 Na4 27.Qd4 Nc3 28.Ng5 Qe7 29.Qb6 Nxb1 30.Rxb1
{43 Zuege} Bxd5

[Event "Staatsliga B - Ost 2002/03"]
[Site "Veranstaltungszentrum des Wienerwaldmuseums, Hauptstr.17, 3032 Eichgraben"]
[Date "2003.02.16"]
[Round "9"]
[Board "4"]
[White "Brod, Manfred"]
[Black "Hansen, Kay"]
[Result "0-1"]
[WhiteElo "2237"]
[BlackElo "2265"]
[PlyCount "160"]

1.e4 c6 2.d4 d5 3.Nd2 dxe4 4.Nxe4 Bf5 5.Ng3 Bg6 6.Bc4 e6 7.N1e2 Bd6 8.h4 h6
9.Nf4 Bxf4 10.Bxf4 Nf6 11.c3 Nbd7 12.h5 Bh7 13.O-O b5 14.Be2 Nb6 15.Re1 O-O
16.Bf3 Qd7 17.Qe2 Nfd5 18.Bc1 Rac8 19.Ne4 Na4 20.g3 c5 21.Nxc5 Nxc5 22.dxc5 Rxc5
23.Be3 Nxe3 24.Qxe3 Rcc8 25.Rad1 Qc7 26.Rd4 Rfd8 27.Red1 Rxd4 28.Qxd4 Bc2 29.Rd2
Bb1 30.a3 Ba2 31.Kg2 a5 32.Qd7 Bc4 33.Qxc7 Rxc7 34.Rd8+ Kh7 35.g4 g6 36.hxg6+
Kxg6 37.Kg3 Rc5 38.Be4+ Kg7 39.f4 Be2 40.Rd2 Bxg4 41.Kxg4 f5+ 42.Bxf5 Rxf5 43.b3
Kf6 44.c4 bxc4 45.bxc4 Rc5 46.Rh2 Kg6 47.Re2 h5+ 48.Kf3 Kf6 49.Rc2 Ke7 50.Rc1
Kd7 51.Rd1+ Ke7 52.Rc1 Rf5 53.c5 Kd7 54.c6+ Kc7 55.Kg3 e5 56.fxe5 Rxe5 57.Kf4
Rb5 58.Rc3 Rd5 59.Ke4 Rg5 60.Kf4 Rg4+ 61.Kf3 Rh4 62.Kg3 Ra4 63.Kh3 Rd4 64.Kg3 a4
65.Kh2 Rd2+ 66.Kg3 Rd6 67.Rc4 Rd3+ 68.Kh4 Rxa3 69.Kxh5 Ra1 70.Kg4 a3 71.Rc2 a2
72.Rg2 Kxc6 73.Rc2+ Kd5 74.Rg2 Kc4 75.Kg5 Kd3 76.Rg3+ Ke4 77.Rg4+ Kf3 78.Rf4+
Ke3 79.Rg4 Rf1 80.Rg3+ Kf2

[Event "Staatsliga B - Ost 2002/03"]
[Site "Veranstaltungszentrum des Wienerwaldmuseums, Hauptstr.17, 3032 Eichgraben"]
[Date "2003.02.16"]
[Round "9"]
[Board "5"]
[White "Sandhu, Mario"]
[Black "Savio, Alfred"]
[Result "1-0"]
[WhiteElo "2334"]
[BlackElo "2066"]
[PlyCount "73"]

1.e4 Nc6 2.Nc3 Nf6 3.g3 e5 4.Bg2 Bc5 5.Nge2 d6 6.Na4 Be6 7.O-O O-O 8.c3 Bb6 9.d4
Bg4 10.d5 Nb8 11.Nxb6 axb6 12.f3 Bc8 13.c4 h6 14.b4 Nbd7 15.Qd3 Re8 16.Bb2 Nf8
17.f4 Ng6 18.f5 Nf8 19.Bf3 N8h7 20.Bc1 Rf8 21.h4 Nd7 22.Rf2 Qe8 23.Nc3 Nb8
24.Be3 Na6 25.Rb1 Qe7 26.Qd2 Rd8 27.Rh2 Rb8 28.g4 h5 29.gxh5 Kh8 30.Kh1 Ra8
31.Bg5 f6 32.Be3 Bd7 33.Rg2 Rg8 34.a3 Nb8 35.Rbg1 Na6 36.h6 gxh6 37.Bxh6

[Event "Staatsliga B - Ost 2002/03"]
[Site "Veranstaltungszentrum des Wienerwaldmuseums, Hauptstr.17, 3032 Eichgraben"]
[Date "2003.02.16"]
[Round "9"]
[Board "6"]
[White "Wutzlhofer, Robert"]
[Black "Palfinger, Wolfgang"]
[Result "0-1"]
[WhiteElo "2134"]
[BlackElo "2111"]
[PlyCount "128"]

1.d4 d5 2.c4 c6 3.Nc3 Nf6 4.cxd5 cxd5 5.Nf3 e6 6.Bg5 Be7 7.e3 O-O 8.Bd3 b6 9.O-O
Ba6 10.Rc1 Bxd3 11.Qxd3 Nc6 12.h3 h6 13.Bf4 Qd7 14.a3 Rfc8 15.Ne5 Nxe5 16.Bxe5
Rc6 17.Rc2 Rac8 18.Rfc1 Ne8 19.Na2 Nd6 20.Bxd6 Qxd6 21.Nb4 Rxc2 22.Rxc2 Qd7
23.Rxc8+ Qxc8 24.Qc2 Qxc2 25.Nxc2 Kf8 26.Kf1 Ke8 27.Ke2 Kd7 28.Kd3 b5 29.f3 a5
30.b4 a4 31.Kd2 Bh4 32.Ne1 Kd6 33.Nd3 f6 34.e4 dxe4 35.fxe4 Bg5+ 36.Ke2 f5
37.Kf3 Bd2 38.Ke2 Bc3 39.Ke3 g5 40.g3 Ba1 41.d5 fxe4 42.Kxe4 exd5+ 43.Kf5 d4
44.Ke4 Bc3 45.g4 Ba1 46.Ne1 Bb2 47.Nc2 d3 48.Kxd3 Kd5 49.Ne3+ Ke5 50.Nc2 Kf4
51.Nd4 Bxa3 52.Kc3 Kg3 53.Nf5+ Kxh3 54.Nxh6 Bc1 55.Nf5 Bf4 56.Nh6 Be5+ 57.Kc2
Bd6 58.Kc3 Bf8 59.Nf5 Kxg4 60.Ne3+ Kf3 61.Nd5 g4 62.Nc7 g3 63.Ne6 g2 64.Nd4+ Kf2

[Event "Staatsliga B - Ost 2002/03"]
[Site "Veranstaltungszentrum des Wienerwaldmuseums, Hauptstr.17, 3032 Eichgraben"]
[Date "2003.02.16"]
[Round "9"]
[Board "1"]
[White "Tibensky, Robert"]
[Black "Gross, Stefan"]
[Result "1/2-1/2"]
[WhiteElo "2446"]
[BlackElo "2351"]
[PlyCount "35"]

1.d4 Nf6 2.Nf3 g6 3.c4 c5 4.d5 Bg7 5.Nc3 d6 6.e4 O-O 7.h3 b5 8.cxb5 a6 9.bxa6
Qa5 10.Nd2 Bxa6 11.Be2 Nbd7 12.O-O Rfb8 13.Re1 Ne8 14.Qc2 Nc7 15.Bxa6 Qxa6
16.Nf3 Nb5 17.Nxb5 Qxb5 18.Re2

[Event "Staatsliga B - Ost 2002/03"]
[Site "Veranstaltungszentrum des Wienerwaldmuseums, Hauptstr.17, 3032 Eichgraben"]
[Date "2003.02.16"]
[Round "9"]
[Board "2"]
[White "Neumeier, Klaus"]
[Black "Banas, Jan"]
[Result "1/2-1/2"]
[WhiteElo "2271"]
[BlackElo "2365"]
[PlyCount "36"]

1.e4 c5 2.Nf3 d6 3.Bb5+ Bd7 4.Bxd7+ Nxd7 5.O-O Ngf6 6.Qe2 e6 7.b3 Be7 8.Bb2 O-O
9.c4 a6 10.Nc3 Ne5 11.Rad1 Qa5 12.d4 Nxf3+ 13.Qxf3 cxd4 14.Rxd4 b5 15.Qe2 b4
16.Na4 Qc7 17.Rfd1 Rfd8 18.e5 dxe5

[Event "Staatsliga B - Ost 2002/03"]
[Site "Veranstaltungszentrum des Wienerwaldmuseums, Hauptstr.17, 3032 Eichgraben"]
[Date "2003.02.16"]
[Round "9"]
[Board "3"]
[White "Wallner, Joachim"]
[Black "Hechl, Gerald"]
[Result "1-0"]
[WhiteElo "2297"]
[BlackElo "2250"]
[PlyCount "41"]

1.e4 c5 2.Nf3 b6 3.d4 cxd4 4.Nxd4 Bb7 5.Nc3 a6 6.Bd3 e6 7.Qe2 d6 8.f4 Nf6 9.Bd2
Nbd7 10.O-O-O g6 11.g4 Bg7 12.f5 e5 13.Nb3 gxf5 14.exf5 h6 15.Rhe1 Nh7 16.Be4
Bxe4 17.Nxe4 Bf8 18.Bb4 d5 19.Nd6+ Bxd6 20.Bxd6 Qg5+ 21.Kb1

[Event "Staatsliga B - Ost 2002/03"]
[Site "Veranstaltungszentrum des Wienerwaldmuseums, Hauptstr.17, 3032 Eichgraben"]
[Date "2003.02.16"]
[Round "9"]
[Board "4"]
[White "Pichler, Michael"]
[Black "Fusi, Christoph"]
[Result "0-1"]
[WhiteElo "2195"]
[BlackElo "2297"]
[PlyCount "24"]

1.e4 c6 2.d4 d5 3.e5 Bf5 4.Nc3 Qb6 5.g4 Bd7 6.Na4 Qa5+ 7.c3 e6 8.Bd2 Qc7 9.b4 b6
10.Nf3 a5 11.a3 axb4 12.axb4 Qa7

[Event "Staatsliga B - Ost 2002/03"]
[Site "Veranstaltungszentrum des Wienerwaldmuseums, Hauptstr.17, 3032 Eichgraben"]
[Date "2003.02.16"]
[Round "9"]
[Board "5"]
[White "Zetthofer, Gerald"]
[Black "Wandl, Werner"]
[Result "1-0"]
[WhiteElo "2258"]
[BlackElo "2118"]
[PlyCount "81"]

1.c4 c5 2.Nf3 Nf6 3.d4 cxd4 4.Nxd4 Nc6 5.Nc3 g6 6.g3 Bg7 7.Bg2 Qb6 8.Nb3 d6
9.O-O O-O 10.Be3 Qd8 11.Rc1 Be6 12.c5 d5 13.Nd4 Ng4 14.Nxe6 fxe6 15.Bf4 Nf6
16.Qb3 Na5 17.Qa4 Nh5 18.Bg5 Rc8 19.b4 Nc4 20.Rc2 h6 21.Bc1 a6 22.Qb3 Nf6 23.e4
Ne5 24.exd5 exd5 25.Nxd5 Kh7 26.Nxf6+ exf6 27.Bxb7 Rc7 28.Bg2 f5 29.a4 g5 30.Bb2
f4 31.Be4+ Kh8 32.b5 Qd7 33.b6 Rcc8 34.Qd5 Qe8 35.c6 g4 36.Bxe5 Bxe5 37.Qd7 Qxd7
38.cxd7 Rxc2 39.Bxc2 Rd8 40.Re1 Rxd7 41.Rxe5

[Event "Staatsliga B - Ost 2002/03"]
[Site "Stockerau, Alte Au - Blaolilheim"]
[Date "2003.03.08"]
[Round "10"]
[Board "1"]
[White "Videki, Sandor"]
[Black "Berkes, Ferenc"]
[Result "0-1"]
[WhiteElo "2424"]
[BlackElo "2545"]
[PlyCount "98"]

1.e4 c5 2.Nf3 d6 3.Bb5+ Nd7 4.d4 cxd4 5.Qxd4 a6 6.Bxd7+ Bxd7 7.Bg5 h6 8.Bh4 Nf6
9.Nc3 g5 10.Bg3 Bg7 11.O-O-O Be6 12.Qb4 Nd7 13.Nd4 Qb6 14.Qxb6 Nxb6 15.Nxe6 fxe6
16.Ne2 h5 17.h4 g4 18.b3 Nd7 19.Rhf1 Nc5 20.Nf4 Kf7 21.f3 gxf3 22.Nd3 Nxd3+
23.Rxd3 e5 24.gxf3 Ke6 25.Kd1 Bf6 26.Rh1 Rhg8 27.Rh3 b5 28.Ke2 a5 29.Rc3 Kd7
30.a4 bxa4 31.bxa4 Rab8 32.Rb3 Rxb3 33.cxb3 Rb8 34.Be1 Rxb3 35.Bxa5 Ra3 36.Bd2
Rxa4 37.Bg5 Ra2+ 38.Kf1 Ke6 39.Rg3 Kf7 40.Kg1 Ra8 41.Bxf6 exf6 42.Kf2 Ra2+
43.Kg1 Rd2 44.Kh1 d5 45.exd5 Rxd5 46.Kg2 Rd2+ 47.Kg1 Rd4 48.Rh3 Ke6 49.Kf2 Kf5

[Event "Staatsliga B - Ost 2002/03"]
[Site "Stockerau, Alte Au - Blaolilheim"]
[Date "2003.03.08"]
[Round "10"]
[Board "2"]
[White "Volkmann, Friedrich"]
[Black "Neumeier, Klaus"]
[Result "1/2-1/2"]
[WhiteElo "2434"]
[BlackElo "2271"]
[PlyCount "37"]

1.e4 e5 2.Nf3 Nc6 3.Nc3 Nf6 4.Bb5 Nd4 5.Ba4 Bc5 6.Nxe5 O-O 7.Nd3 Bb6 8.e5 Ne8
9.Nd5 c6 10.Ne3 d5 11.O-O f6 12.c3 Ne6 13.Bc2 fxe5 14.Nxe5 d4 15.cxd4 Qxd4
16.Nf3 Qc5 17.b3 Nf4 18.d4 Qh5 19.Ba3

[Event "Staatsliga B - Ost 2002/03"]
[Site "Stockerau, Alte Au - Blaolilheim"]
[Date "2003.03.08"]
[Round "10"]
[Board "3"]
[White "Hechl, Gerald"]
[Black "Lukacs, Peter"]
[Result "1/2-1/2"]
[WhiteElo "2250"]
[BlackElo "2420"]
[PlyCount "35"]

1.Nf3 d5 2.d4 Nf6 3.c4 e6 4.Nc3 c6 5.g3 Nbd7 6.Bg2 Be7 7.O-O O-O 8.Qd3 b6 9.cxd5
cxd5 10.Bf4 a6 11.Rac1 Bb7 12.Na4 Rc8 13.Rxc8 Qxc8 14.Rc1 Qa8 15.Ne5 Rc8 16.Nxd7
Rxc1+ 17.Bxc1 Nxd7 18.Qc2

[Event "Staatsliga B - Ost 2002/03"]
[Site "Stockerau, Alte Au - Blaolilheim"]
[Date "2003.03.08"]
[Round "10"]
[Board "4"]
[White "Neulinger, Manfred"]
[Black "Pichler, Michael"]
[Result "1/2-1/2"]
[WhiteElo "2384"]
[BlackElo "2195"]
[PlyCount "85"]

1.e4 e6 2.d4 d5 3.Nc3 dxe4 4.Nxe4 Bd7 5.Nf3 Bc6 6.Bd3 Nd7 7.Qe2 Ngf6 8.Bg5 Be7
9.O-O-O Bxe4 10.Bxe4 Nxe4 11.Bxe7 Nc3 12.Bxd8 Nxe2+ 13.Kd2 Rxd8 14.Kxe2 O-O
15.c4 Rfe8 16.Rd3 c6 17.Rhd1 Nf6 18.Ne5 Re7 19.f4 Ne8 20.Ng4 h5 21.Ne3 Nd6
22.Kf3 Red7 23.a4 g6 24.d5 exd5 25.cxd5 c5 26.b3 Kg7 27.Nc4 Nf5 28.d6 b6 29.g3
f6 30.h3 Re8 31.g4 Nd4+ 32.Rxd4 cxd4 33.Rxd4 hxg4+ 34.hxg4 Re6 35.f5 Re1 36.Re4
Rd1 37.Ke2 Rd5 38.fxg6 Kxg6 39.Ke3 b5 40.axb5 Rxb5 41.Kd4 Kf7 42.b4 Rg5 43.Kc3

[Event "Staatsliga B - Ost 2002/03"]
[Site "Stockerau, Alte Au - Blaolilheim"]
[Date "2003.03.08"]
[Round "10"]
[Board "5"]
[White "Wanderer, Thomas"]
[Black "Schroll, Gerhard"]
[Result "1/2-1/2"]
[WhiteElo "2159"]
[BlackElo "2381"]
[PlyCount "53"]

1.e4 e5 2.Nc3 Nf6 3.Bc4 Nc6 4.d3 Na5 5.Nge2 Nxc4 6.dxc4 d6 7.Qd3 Be7 8.Nd5 Nxd5
9.cxd5 c6 10.c4 c5 11.O-O O-O 12.f4 exf4 13.Bxf4 Bf6 14.Qg3 Re8 15.Bxd6 Rxe4
16.Bc7 Qe7 17.Bd6 Qd8 18.Bc7 Qe7 19.Bd6 Qd7 20.Rxf6 Rg4 21.Qc3 gxf6 22.Bxc5 Qf5
23.Rf1 Qe4 24.Rf2 Qxc4 25.Qxf6 Qxc5 26.Qxf7+ Kh8 27.Qf6+

[Event "Staatsliga B - Ost 2002/03"]
[Site "Stockerau, Alte Au - Blaolilheim"]
[Date "2003.03.08"]
[Round "10"]
[Board "6"]
[White "Wiedner, Robert"]
[Black "Wandl, Werner"]
[Result "0-1"]
[WhiteElo "2241"]
[BlackElo "2118"]
[PlyCount "71"]

1.c4 Nf6 2.Nc3 e5 3.Nf3 Nc6 4.a3 a5 5.g3 Bc5 6.Bg2 d6 7.O-O Be6 8.d3 Qd7 9.Bg5
Nh5 10.Nd5 O-O 11.Nd2 h6 12.Bxh6 gxh6 13.e3 Bg4 14.f3 Bh3 15.g4 Bxg2 16.Kxg2 Kh8
17.gxh5 Ne7 18.Qe2 Nxd5 19.cxd5 Rg8+ 20.Kh1 Qh3 21.Ne4 Bxe3 22.b4 axb4 23.axb4
Rxa1 24.Rxa1 f5 25.Nf6 Rg5 26.Rf1 Bb6 27.f4 Rg7 28.fxe5 dxe5 29.Ra1 Rf7 30.Ra8+
Kg7 31.Nd7 Qe3 32.Qg2+ Qg5 33.Nxb6 Qxg2+ 34.Kxg2 cxb6 35.Re8 Kf6 36.Rxe5

[Event "Staatsliga B - Ost 2002/03"]
[Site "Stockerau, Alte Au - Blaolilheim"]
[Date "2003.03.08"]
[Round "10"]
[Board "1"]
[White "Varga, Zoltan"]
[Black "Staudner, Oliver"]
[Result "1-0"]
[WhiteElo "2533"]
[BlackElo "2360"]
[PlyCount "41"]

1.d4 e6 2.Nf3 Nf6 3.c4 b6 4.a3 Bb7 5.Nc3 d5 6.Bg5 dxc4 7.e3 Be7 8.Bxc4 O-O 9.O-O
c5 10.dxc5 Qxd1 11.Rfxd1 Bxc5 12.Ne5 h6 13.Bh4 g5 14.Bg3 Nc6 15.Nd7 Nxd7 16.Rxd7
Na5 17.Ba2 Rfd8 18.Rxd8+ Rxd8 19.b4 Be7 20.bxa5 Bf6 21.Rd1

[Event "Staatsliga B - Ost 2002/03"]
[Site "Stockerau, Alte Au - Blaolilheim"]
[Date "2003.03.08"]
[Round "10"]
[Board "3"]
[White "Vavrak, Peter"]
[Black "Pokorna, Regina"]
[Result "1/2-1/2"]
[WhiteElo "2397"]
[BlackElo "2375"]
[PlyCount "38"]

1.Nf3 Nf6 2.c4 e6 3.Nc3 d5 4.cxd5 exd5 5.d4 Nbd7 6.Bf4 c6 7.h3 Be7 8.e3 O-O
9.Bd3 Re8 10.O-O Nf8 11.Rb1 Ng6 12.Ne5 Bd6 13.Nxg6 hxg6 14.Qf3 Qc7 15.Bxd6 Qxd6
16.b4 b5 17.a4 a6 18.Rb2 Bd7 19.Ra1 Reb8

[Event "Staatsliga B - Ost 2002/03"]
[Site "Stockerau, Alte Au - Blaolilheim"]
[Date "2003.03.08"]
[Round "10"]
[Board "4"]
[White "Vokroj, Rene"]
[Black "Stranz, Richard"]
[Result "0-1"]
[WhiteElo "2287"]
[BlackElo "2252"]
[PlyCount "68"]

1.Nf3 c5 2.g3 Nc6 3.Bg2 e5 4.d3 g6 5.O-O Bg7 6.c4 Nge7 7.Nc3 O-O 8.Bd2 d6 9.a3
a5 10.Ne1 Be6 11.Nd5 Rb8 12.Bc3 b5 13.Nxe7+ Nxe7 14.cxb5 Rxb5 15.a4 Rb3 16.Qd2
Qb8 17.Nf3 Nd5 18.Bxa5 Rxb2 19.Qc1 e4 20.dxe4 Nb4 21.e5 Na2 22.Qe3 dxe5 23.Qxc5
Rc8 24.Qe3 Qa8 25.Be1 Qxa4 26.Nxe5 Qc2 27.f4 Bf8 28.Nd3 Qxe2 29.Qxe2 Rxe2 30.Bf3
Re3 31.Ne5 Rc2 32.Bf2 Rb3 33.Bd1 Rcb2 34.Bxb3 Bxb3 {82 Zuege}

[Event "Staatsliga B - Ost 2002/03"]
[Site "Stockerau, Alte Au - Blaolilheim"]
[Date "2003.03.08"]
[Round "10"]
[Board "5"]
[White "Krpelan, Wolfgang"]
[Black "Schumi, Manfred"]
[Result "1/2-1/2"]
[WhiteElo "2217"]
[BlackElo "2217"]
[PlyCount "56"]

1.d4 Nf6 2.Nf3 g6 3.Nc3 d5 4.Bf4 Bg7 5.e3 O-O 6.h3 c5 7.Nb5 a6 8.Nc7 Ra7 9.Nxd5
Nxd5 10.Bxb8 Ra8 11.Be5 f6 12.Bh2 cxd4 13.exd4 Qb6 14.Bc4 Qb4+ 15.Nd2 Be6 16.Rb1
Bh6 17.f4 Bxf4 18.Bxf4 Nxf4 19.Bxe6+ Nxe6 20.c3 Qb5 21.Qb3 Qxb3 22.Nxb3 Rad8
23.O-O b6 24.a4 Rd6 25.a5 Rc8 26.Rbe1 Kf7 27.Re2 b5 28.Rfe1 Rc7

[Event "Staatsliga B - Ost 2002/03"]
[Site "Stockerau, Alte Au - Blaolilheim"]
[Date "2003.03.08"]
[Round "10"]
[Board "6"]
[White "Rogetzer, Klaus"]
[Black "Ranits, Franz"]
[Result "0-1"]
[WhiteElo "2135"]
[BlackElo "2209"]
[PlyCount "120"]

1.d4 g6 2.c4 Bg7 3.Nc3 d6 4.e4 Nc6 5.Be3 e5 6.d5 Nce7 7.Qd2 f5 8.f3 Nf6 9.Bd3
O-O 10.O-O-O c5 11.Nge2 a6 12.Rdg1 Bd7 13.exf5 Nxf5 14.Bg5 b5 15.h4 bxc4 16.Bb1
Nd4 17.h5 Bf5 18.hxg6 Bxb1 19.Kxb1 hxg6 20.Ne4 Nxe4 21.fxe4 Qd7 22.Nc3 Qf7
23.Nd1 Rab8 24.Qc3 Qd7 25.Qe1 Qg4 26.Qe3 Qe2 27.Qxe2 Nxe2 28.Re1 Nd4 29.Be7 Rf7
30.Bxd6 Rc8 31.Ne3 c3 32.bxc3 Nb5 33.Nc4 Rf2 34.Rhf1 Nxc3+ 35.Kc1 Nxa2+ 36.Kd1
Nc3+ 37.Kc1 Rxf1 38.Rxf1 Nxe4 39.Bxe5 Rd8 40.Re1 Nf6 41.d6 Nd7 42.Bxg7 Kxg7
43.Re7+ Kf6 44.g4 Nf8 45.Ra7 Ke6 46.Rxa6 Kd5 47.Ne3+ Ke4 48.Nc4 Kd4 49.Na5 Kd5
50.Nb7 Rd7 51.Rb6 Ne6 52.Kd2 Ng5 53.Ke3 Nf7 54.Rb1 Nxd6 55.Nxd6 Rxd6 56.Kf4 c4
57.Rc1 Kd4 58.Rd1+ Kc5 59.Rc1 Re6 60.Kg5 Kb4

[Event "Staatsliga B - Ost 2002/03"]
[Site "Stockerau, Alte Au - Blaolilheim"]
[Date "2003.03.08"]
[Round "10"]
[Board "2"]
[White "Plank, Franz"]
[Black "Rumpl, Erwin"]
[Result "1/2-1/2"]
[WhiteElo "2256"]
[BlackElo "2245"]
[PlyCount "83"]

1.d4 Nf6 2.Nc3 c5 3.d5 g6 4.e4 d6 5.Bb5+ Bd7 6.a4 Bg7 7.Nf3 O-O 8.O-O Na6 9.Re1
Nc7 10.Bxd7 Qxd7 11.Qd3 Rad8 12.Nb5 a6 13.Nxc7 Qxc7 14.c4 Nd7 15.Ra2 Rb8 16.Bd2
Ne5 17.Nxe5 Bxe5 18.Bc3 Bg7 19.Bxg7 Kxg7 20.Qc3+ Kg8 21.e5 b5 22.axb5 axb5
23.exd6 exd6 24.b3 bxc4 25.bxc4 Rfe8 26.Rxe8+ Rxe8 27.g3 Qb7 28.Ra1 h5 29.h4 Qe7
30.Rb1 Qe4 31.Ra1 Qe5 32.Qxe5 Rxe5 33.Ra6 Re4 34.Rxd6 Rxc4 35.Rc6 Kf8 36.Rc7 Ke8
37.Kf1 Rc3 38.Ke2 c4 39.d6 Rd3 40.Re7+ Kf8 41.Re4 Rxd6 42.Rxc4

[Event "Staatsliga B - Ost 2002/03"]
[Site "Stockerau, Alte Au - Blaolilheim"]
[Date "2003.03.08"]
[Round "10"]
[Board "3"]
[White "Gugler, Edgar"]
[Black "Todor, Razvan"]
[Result "1/2-1/2"]
[WhiteElo "2225"]
[BlackElo "2202"]
[PlyCount "21"]

1.d4 d5 2.Nf3 Nc6 3.Bf4 Bg4 4.e3 e6 5.Be2 Bd6 6.Bxd6 cxd6 7.O-O Nf6 8.Nbd2 O-O
9.c4 dxc4 10.Nxc4 Na5 11.Rc1

[Event "Staatsliga B - Ost 2002/03"]
[Site "Stockerau, Alte Au - Blaolilheim"]
[Date "2003.03.08"]
[Round "10"]
[Board "4"]
[White "Trkulja, Zoran"]
[Black "Waller, Helmut"]
[Result "1-0"]
[WhiteElo "2232"]
[BlackElo "2175"]
[PlyCount "45"]

1.e4 c5 2.Nf3 e6 3.d4 cxd4 4.Nxd4 a6 5.f4 d5 6.e5 Nc6 7.Nxc6 bxc6 8.Bd3 Nh6
9.O-O Bc5+ 10.Kh1 O-O 11.Nd2 Ba7 12.Qe2 a5 13.Nf3 c5 14.c4 g6 15.f5 Nxf5 16.Bxf5
exf5 17.Bg5 Qb6 18.Bf6 Re8 19.Qd2 Re6 20.Qh6 Rxf6 21.Ng5 Rb8 22.Qxh7+ Kf8
23.Rae1

[Event "Staatsliga B - Ost 2002/03"]
[Site "Stockerau, Alte Au - Blaolilheim"]
[Date "2003.03.08"]
[Round "10"]
[Board "5"]
[White "Wadsack, Wolfgang"]
[Black "Allacher, Erwin"]
[Result "1/2-1/2"]
[WhiteElo "2162"]
[BlackElo "2214"]
[PlyCount "142"]

1.e4 c5 2.c3 d5 3.exd5 Qxd5 4.d4 Nf6 5.Nf3 Bg4 6.Be2 cxd4 7.cxd4 e6 8.O-O Nc6
9.h3 Bf5 10.Nc3 Qd8 11.Qb3 Qb6 12.Qxb6 axb6 13.Be3 Nd5 14.g4 Nxe3 15.fxe3 Bg6
16.Nb5 O-O-O 17.Rac1 Kb8 18.Nh4 Rd7 19.Nxg6 hxg6 20.Kg2 Bb4 21.Rc2 Rc8 22.a3 Bf8
23.Bf3 g5 24.Rfc1 Ne7 25.Rxc8+ Nxc8 26.Be4 Be7 27.Rc2 g6 28.Rf2 f5 29.Bb1 Nd6
30.Nxd6 Rxd6 31.Ba2 Kc7 32.Bc4 Bf6 33.b3 Kd7 34.Bb5+ Ke7 35.Rc2 Kd8 36.Bd3 Kd7
37.Kf3 Kd8 38.Rc4 Kd7 39.Ra4 Kc7 40.Bc4 Kc6 41.Ra8 b5 42.Bd3 Bd8 43.Rc8+ Kd7
44.Rc5 b6 45.Bxb5+ Ke7 46.Rc4 e5 47.dxe5 Rd5 48.Bc6 Rxe5 49.Rd4 Re6 50.Rd7+ Kf6
51.Bd5 Re8 52.Bc4 Be7 53.a4 Rh8 54.Kg3 Bc5 55.Rf7+ Ke5 56.gxf5 gxf5 57.Bd3 Rf8
58.Rxf8 Bxf8 59.Kf3 Bc5 60.Ke2 f4 61.exf4+ Kxf4 62.Kd2 Bb4+ 63.Ke2 Bc5 64.Bg6 g4
65.hxg4 Kxg4 66.Kd3 Kf4 67.Kc4 Ke5 68.a5 Bf2 69.a6 Kd6 70.Kb5 Kc7 71.Be4 Kb8

[Event "Staatsliga B - Ost 2002/03"]
[Site "Stockerau, Alte Au - Blaolilheim"]
[Date "2003.03.08"]
[Round "10"]
[Board "6"]
[White "Achs, Reinhold"]
[Black "Wadsack, Winfried"]
[Result "0-1"]
[WhiteElo "2126"]
[BlackElo "2149"]
[PlyCount "122"]

1.c4 c6 2.b3 d5 3.Bb2 Nf6 4.g3 Bg4 5.h3 Bh5 6.Bg2 e6 7.Nf3 Bxf3 8.Bxf3 Bd6 9.Nc3
Nbd7 10.d4 dxc4 11.bxc4 O-O 12.O-O c5 13.Nb5 Qb6 14.Ba3 Be7 15.Rb1 Rab8 16.e4
Rfd8 17.Qc1 Qa5 18.e5 Ne8 19.Re1 a6 20.Nc3 Qc7 21.Qf4 Qa5 22.Qc1 b5 23.Bxc5 Bxc5
24.dxc5 Nxc5 25.Be4 bxc4 26.Rxb8 Rxb8 27.Qc2 g6 28.h4 Ng7 29.g4 Nxe4 30.Rxe4 h6
31.Qd2 Rd8 32.Rd4 Rxd4 33.Qxd4 Qc7 34.Ne4 Ne8 35.Nd6 Qd8 36.Qc5 c3 37.Nxe8 Qxe8
38.Qxc3 Qb5 39.Qc8+ Kg7 40.Qc3 Qb1+ 41.Kg2 Qxa2 42.Qf3 Qd2 43.Qf6+ Kg8 44.Kg3 a5
45.f4 a4 46.h5 g5 47.f5 Qf4+ 48.Kh3 Qf3+ 49.Kh2 Qf2+ 50.Kh1 Qh4+ 51.Kg2 Qxg4+
52.Kh2 Qxh5+ 53.Kg2 Qg4+ 54.Kh2 Qxf5 55.Qd8+ Kg7 56.Qd6 h5 57.Kg3 h4+ 58.Kh2 g4
59.Kg2 Qf4 60.Qe7 h3+ 61.Kg1 g3

[Event "Staatsliga B - Ost 2002/03"]
[Site "Stockerau, Alte Au - Blaolilheim"]
[Date "2003.03.08"]
[Round "10"]
[Board "1"]
[White "Rotstein, Arkadij"]
[Black "Pingitzer, Harald"]
[Result "1-0"]
[WhiteElo "2544"]
[BlackElo "2372"]
[PlyCount "123"]

1.c4 c6 2.e4 d5 3.exd5 cxd5 4.cxd5 Nf6 5.Nc3 Nxd5 6.Nf3 Nc6 7.Bb5 e6 8.O-O Be7
9.d4 O-O 10.Re1 Ncb4 11.a3 Nxc3 12.bxc3 Nd5 13.Bd3 b6 14.c4 Nf6 15.Qe2 Re8
16.Bb2 Bb7 17.Ne5 Bf8 18.Qe3 g6 19.Qf4 Bg7 20.Rad1 Re7 21.Qh4 Nd7 22.Ng4 h5
23.Ne3 Nf8 24.Nc2 Rd7 25.Qh3 Rc8 26.Bf1 Ba6 27.Qb3 Rdc7 28.Ne3 Rd7 29.d5 Bxb2
30.Qxb2 Bb7 31.g3 Rc5 32.Bh3 f5 33.Bg2 exd5 34.Nxd5 Bxd5 35.Bxd5+ Kh7 36.Qe2 b5
37.Bf3 Rxc4 38.Rxd7+ Qxd7 39.Qe7+ Qxe7 40.Rxe7+ Kh6 41.Rxa7 Ra4 42.Rxa4 bxa4
43.Bc6 Ne6 44.Bxa4 h4 45.gxh4 Kh5 46.Be8 Nc5 47.Kg2 Ne4 48.a4 Nd6 49.Bc6 Kxh4
50.a5 Nc8 51.Bd7 Na7 52.Kf3 Kg5 53.a6 Kf6 54.h4 Ke7 55.Ba4 Nc8 56.Kf4 Kf6 57.Bd7
Nb6 58.a7 Nd5+ 59.Kf3 Nc7 60.Bc6 g5 61.hxg5+ Kxg5 62.a8=Q

[Event "Staatsliga B - Ost 2002/03"]
[Site "Stockerau, Alte Au - Blaolilheim"]
[Date "2003.03.08"]
[Round "10"]
[Board "2"]
[White "Kummer, Helmut"]
[Black "Wukits, Rene"]
[Result "1/2-1/2"]
[WhiteElo "2341"]
[BlackElo "2296"]
[PlyCount "59"]

1.d4 Nf6 2.c4 e6 3.Nf3 c5 4.d5 exd5 5.cxd5 d6 6.Nc3 g6 7.g3 Bg7 8.Bg2 O-O 9.O-O
Re8 10.Nd2 a6 11.a4 Nbd7 12.h3 Rb8 13.Nc4 Ne5 14.Na3 Qc7 15.f4 Ned7 16.e4 c4
17.Kh2 Nc5 18.e5 dxe5 19.d6 Qd8 20.Nxc4 exf4 21.Bxf4 Nh5 22.d7 Bxd7 23.Bxb8 Qxb8
24.Qd6 Be5 25.Qxc5 Nxg3 26.Kg1 Bxc3 27.bxc3 Ne2+ 28.Kh1 Ng3+ 29.Kg1 Ne2+ 30.Kh1

[Event "Staatsliga B - Ost 2002/03"]
[Site "Stockerau, Alte Au - Blaolilheim"]
[Date "2003.03.08"]
[Round "10"]
[Board "3"]
[White "Kreindl, Helmut"]
[Black "Schneider-Zinner, Harald"]
[Result "1/2-1/2"]
[WhiteElo "2230"]
[BlackElo "2353"]
[PlyCount "24"]

1.d4 Nf6 2.Nf3 d5 3.Bf4 c6 4.e3 Bg4 5.Be2 e6 6.h3 Bxf3 7.Bxf3 Bd6 8.O-O O-O 9.c3
Qc7 10.Bxd6 Qxd6 11.Nd2 Nbd7 12.e4 dxe4